000
00276nam a2200121Ia 4500
999
_c
9787
_d
9787
003
OSt
005
20220303104804.0
008
220112s9999||||xx |||||||||||||| ||und||
020
_a
9789386479792
100
_a
Dayaratnam
245
0
_a
Brick and reinforced structures
942
_2
ddc